Statistics for Christopher Nolan's Top 10 Films by IMDb Ratings

Click here to take the quiz!

General Stats

  • This quiz has been taken 113 times
  • The average score is 8 of 10

Answer Stats

RankYearMovieRating% Correct
12008The Dark Knight9.0
96%
32014Interstellar8.6
95%
22010Inception8.8
93%
52012The Dark Knight Rises8.4
87%
72005Batman Begins8.2
86%
102020Tenet7.3
85%
52000Memento8.4
83%
82017Dunkirk7.8
78%
42006The Prestige8.5
76%
91998Following7.5
59%

Score Distribution

Percentile by Number Answered

Percent of People with Each Score

Your Score History

You have not taken this quiz